000 00551cam a2200181 4500500
005 20260329002425.0
041 _afre
042 _adc
100 1 0 _aDuru, Martin
_eauthor
245 0 0 _aHubris, la fabrique du monstre dans l’art moderne
260 _c2012.
500 _a35
690 _aCulture
690 _aModernité
690 _aScience
786 0 _nPhilosophie magazine | 59 | 5 | 2012-05-01 | p. 42-43 | 1951-1787
856 4 1 _uhttps://shs.cairn.info/magazine-philosophie-magazine-2012-5-page-42?lang=fr&redirect-ssocas=7080
999 _c1814778
_d1814778